| 000 | 00854cam a2200217 4500 | ||
|---|---|---|---|
| 001 | WB3909-23 | ||
| 008 | 030304n2003 000 0 eng u | ||
| 035 | _a(Sirsi) u121493 | ||
| 245 | _aResearch report and national parks | ||
| 260 | _c2003 | ||
| 490 |
_aScottish Executive News Release _v(SEEN367/2003) 28 February 2003 (2) |
||
| 520 | _aThe Scottish Executive has published a report studying new ways to promote sustainable land management in Scotland's national parks, using recommendations from "A forward strategy for Scottish agriculture". Scottish Executive News Release http://www.scotland.gov.uk/pages/news/2003/02/SEEN367.aspx | ||
| 590 | _aWB | ||
| 650 | _aLAND MANAGEMENT | ||
| 650 | _aSUSTAINABLE AGRICULTURE | ||
| 650 | _aSCOTLAND | ||
| 650 | _aNATIONAL PARKS | ||
| 650 | _aCOUNTRYSIDE | ||
| 690 |
_aRural _96268 |
||
| 942 | _n0 | ||
| 999 |
_c72203 _d72203 |
||